MARC

LEADER 00000nam0a2200000 4500
001 281960
005 20231101235443.0
035 |a (RuTPU)RU\TPU\book\305824 
090 |a 281960 
100 |a 20150127d1984 k y0rusy50 ca 
101 0 |a rus 
102 |a RU 
105 |a y z 001zy 
200 1 |a Межотраслевой анализ производства  |e сборник научных трудов  |f Академия наук СССР (АН СССР), Сибирское отделение (СО), Институт экономики и организации промышленного производства (ИЭОПП) ; под ред. В. К. Озерова , В. Н. Павлова 
210 |a Новосибирск  |c [Б. и.]  |d 1984 
215 |a 92 с. 
320 |a Библиография в конце статей 
606 1 |a Воспроизводство  |x Экономика  |2 stltpush  |3 (RuTPU)RU\TPU\subj\36012  |9 57543 
610 1 |a межотраслевой анализ 
610 1 |a межотраслевой баланс 
610 1 |a динамические модели 
610 1 |a машиностроение 
610 1 |a капитальные вложения 
610 1 |a продовольственный комплекс 
610 1 |a народное хозяйство 
610 1 |a структурные изменения 
686 |a У9(2)0-96  |v LBC/SL-A  |2 rubbk 
702 1 |a Озеров  |b В. К.  |g Виктор Константинович  |4 340 
702 1 |a Павлов  |b В. Н.  |g Виктор Николаевич  |4 340 
712 0 2 |a Академия наук СССР (АН СССР)  |b Сибирское отделение (СО)  |b Институт экономики и организации промышленного производства (ИЭОПП)  |c (Новосибирск)  |2 stltpush  |3 (RuTPU)RU\TPU\col\12174 
801 1 |a RU  |b 63413507  |c 20150127 
801 2 |a RU  |b 63413507  |c 20170711  |g RCR 
942 |c BK